[Event "Mogliano Veneto op-C 34th"]
[Site "Mogliano Veneto"]
[Date "2013.04.26"]
[Round "3"]
[White "Vastano, Ciro"]
[Black "Rocelli, Bruno"]
[Result "0-1"]
[WhiteElo "1610"]
[BlackElo "1422"]
[PlyCount "84"]
[EventDate "2013.04.25"]
[EventType "swiss"]
[EventRounds "6"]
[EventCountry "ITA"]
[SourceTitle "EXT 2024"]
[Source "ChessBase"]
[SourceDate "2023.10.10"]
[SourceVersion "1"]
[SourceVersionDate "2023.10.10"]
[SourceQuality "1"]

1. e4 c5 2. Nf3 Nc6 3. d4 cxd4 4. Nxd4 e5 5. Nb5 h6 6. Nd6+ Bxd6 7. Qxd6 Qf6 8. Qd1 Nge7 9. Nc3 a6 10. Be2 b5 11. 0-0 Bb7 12. Be3 Nd4 13. Bd3 d6 14. f4 Ng6 15. fxe5 Qxe5 16. Kh1 0-0 17. a3 d5 18. exd5 Qxe3 19. Qg4 Ne5 20. Qh4 Nxd3 21. cxd3 Nb3 22. Rae1 Qxd3 23. Ne4 Qxd5 24. Qg3 f5 25. Nd6 f4 26. Qh3 Qxd6 27. Qxb3+ Kh8 28. Rd1 Qg6 29. Rf2 Rad8 30. Rdf1 Rd3 31. Qb4 Rfd8 32. Qxf4 Rd1 33. Re2 Rxf1+ 34. Qxf1 a5 35. Rf2 b4 36. axb4 axb4 37. Kg1 Ba6 38. Qc1 Qd6 39. g4 Qd4 40. Kg2 Bb7+ 41. Kf1 Qxg4 42. Rf4 Rd1+ 0-1

[Event "Mogliano Veneto op-C 34th"]
[Site "Mogliano Veneto"]
[Date "2013.04.25"]
[Round "1"]
[White "Vastano, Ciro"]
[Black "Seguso, Arturo"]
[Result "1-0"]
[WhiteElo "1610"]
[BlackElo "1434"]
[PlyCount "60"]
[EventDate "2013.04.25"]
[EventType "swiss"]
[EventRounds "6"]
[EventCountry "ITA"]
[SourceTitle "EXT 2024"]
[Source "ChessBase"]
[SourceDate "2023.10.10"]
[SourceVersion "1"]
[SourceVersionDate "2023.10.10"]
[SourceQuality "1"]

1. e4 Nf6 2. e5 Nd5 3. Nf3 d6 4. Bc4 Be6 5. 0-0 Nc6 6. exd6 Qxd6 7. c3 Ne5 8. Nxe5 Qxe5 9. Re1 Qd6 10. Qb3 0-0-0 11. d4 h6 12. Nd2 Bf5 13. Re5 e6 14. Bxd5 exd5 15. Rxf5 Qg6 16. Rxd5 Bd6 17. Rb5 b6 18. Nc4 Qe4 19. Nxd6+ Rxd6 20. Re5 Qb7 21. Bf4 Rd7 22. Rae1 Rhd8 23. Re8 g5 24. Rxd8+ Rxd8 25. Be5 c6 26. Bf6 Rg8 27. Re7 Qxe7 28. Bxe7 Re8 29. Qxf7 Kd7 30. Qxe8+ Kxe8 1-0

[Event "Cavarzere op 15th"]
[Site "Cavarzere"]
[Date "2012.10.28"]
[Round "5"]
[White "Vastano, Ciro"]
[Black "Martarello, Andrea"]
[Result "1-0"]
[WhiteElo "1550"]
[BlackElo "1467"]
[PlyCount "83"]
[EventDate "2012.10.20"]
[EventType "swiss"]
[EventRounds "6"]
[EventCountry "ITA"]
[SourceTitle "EXT 2015"]
[Source "ChessBase"]
[SourceDate "2014.11.20"]
[SourceVersion "1"]
[SourceVersionDate "2014.11.20"]
[SourceQuality "1"]

1. e4 c5 2. Nf3 d6 3. d4 cxd4 4. Nxd4 Nf6 5. Nc3 a6 6. f3 e6 7. Be3 Be7 8. Qd2 Nc6 9. 0-0-0 e5 10. Nb3 Be6 11. Kb1 0-0 12. g4 Ne8 13. Nd5 h6 14. Nxe7+ Qxe7 15. h4 Qf6 16. Qg2 Bxb3 17. cxb3 Nd4 18. Rh3 Ne6 19. g5 Nf4 20. gxf6 Nxg2 21. Bxg2 Nxf6 22. Rxd6 Kh7 23. Rh1 Nh5 24. Rhd1 f6 25. Bh3 Ng3 26. Rd7 b5 27. Bf2 Ne2 28. Bf5+ Kh8 29. Rc7 Rad8 30. Rdd7 Rg8 31. Be3 h5 32. Rxd8 Rxd8 33. Rc8 Rxc8 34. Bxc8 Ng3 35. Bxa6 Nf1 36. Bg1 Nd2+ 37. Kc2 Nxf3 38. Bf2 g5 39. hxg5 fxg5 40. Bxb5 h4 41. Be2 Nd4+ 42. Bxd4 1-0

[Event "Cavarzere op 15th"]
[Site "Cavarzere"]
[Date "2012.10.21"]
[Round "2"]
[White "Vastano, Ciro"]
[Black "Rosina, Graziano"]
[Result "0-1"]
[WhiteElo "1550"]
[BlackElo "1801"]
[PlyCount "95"]
[EventDate "2012.10.20"]
[EventType "swiss"]
[EventRounds "6"]
[EventCountry "ITA"]
[SourceTitle "EXT 2015"]
[Source "ChessBase"]
[SourceDate "2014.11.20"]
[SourceVersion "1"]
[SourceVersionDate "2014.11.20"]
[SourceQuality "1"]

1. e4 e5 2. d4 exd4 3. c3 d5 4. exd5 Qxd5 5. Nf3 Nf6 6. Be2 dxc3 7. Qc2 Qe4 8. Qb3 Be6 9. Qb5+ Bd7 10. Qb3 cxb2 11. Bxb2 Qb4+ 12. Nc3 Qxb3 13. axb3 Bb4 14. 0-0 c6 15. Bd3 0-0 16. Nd4 Rd8 17. Nc2 Bf8 18. Rfd1 Nd5 19. Nb1 Re8 20. Nd2 Nf4 21. Be4 Be6 22. Ne3 Nd7 23. Bc2 Nb6 24. Nf3 Nbd5 25. Nxd5 Bxd5 26. Ne1 Re2 27. Bd4 Bb4 28. Bd3 Rxe1+ 29. Rxe1 Bxe1 30. Bf1 Bb4 31. Rxa7 Rxa7 32. Bxa7 Bxb3 33. Bb8 Ne6 34. Be5 Bc5 35. Bd3 f6 36. Bg3 Bd5 37. Kf1 b5 38. f3 g5 39. Ke1 h5 40. h3 Nf4 41. Bf1 h4 42. Bh2 Bd6 43. Bg1 Nh5 44. Kd2 Kf7 45. Be2 Nf4 46. Bf1 Bb4+ 47. Ke3 Bc5+ 48. Kd2 0-1

[Event "Cavarzere op 14th"]
[Site "Cavarzere"]
[Date "2011.10.16"]
[Round "2.11"]
[White "Guerra, Alessandro"]
[Black "Vastano, Ciro"]
[Result "1-0"]
[WhiteElo "2204"]
[BlackElo "1565"]
[PlyCount "25"]
[EventDate "2011.10.15"]
[EventType "swiss"]
[EventRounds "6"]
[EventCountry "ITA"]
[SourceTitle "EXT 2023"]
[Source "ChessBase"]
[SourceDate "2022.10.05"]
[SourceVersion "1"]
[SourceVersionDate "2022.10.05"]
[SourceQuality "1"]

1. e4 e6 2. Qe2 Be7 3. d4 d5 4. e5 c5 5. Qg4 Bf8 6. dxc5 Qa5+ 7. b4 Qc7 8. Nf3 f5 9. exf6 Nxf6 10. Bb5+ Nc6 11. Qf4 Qe7 12. Ne5 Qc7 13. Nxc6 1-0

[Event "Mogliano Veneto op-B 32nd"]
[Site "Mogliano Veneto"]
[Date "2011.05.01"]
[Round "4"]
[White "Caverzan, Marco"]
[Black "Vastano, Ciro"]
[Result "1-0"]
[WhiteElo "1558"]
[BlackElo "1607"]
[PlyCount "147"]
[EventDate "2011.04.29"]
[EventType "swiss"]
[EventRounds "5"]
[EventCountry "ITA"]
[SourceTitle "EXT 2024"]
[Source "ChessBase"]
[SourceDate "2023.10.10"]
[SourceVersion "1"]
[SourceVersionDate "2023.10.10"]
[SourceQuality "1"]

1. e4 e6 2. d4 d5 3. e5 c5 4. c3 Nc6 5. Nf3 Qb6 6. Qb3 Qc7 7. Be3 cxd4 8. cxd4 Bd7 9. Nc3 a6 10. a3 Nge7 11. Bd3 Ng6 12. 0-0 Be7 13. Kh1 0-0 14. Qc2 Rac8 15. Rac1 Qd8 16. Rfd1 b5 17. b4 Rc7 18. Qb2 Nh4 19. Nxh4 Bxh4 20. g3 Bg5 21. f4 Be7 22. Nb1 Qb8 23. Nd2 Rfc8 24. Nb3 Nd8 25. Rxc7 Rxc7 26. Nc5 Bc8 27. Qc2 Nc6 28. Bxh7+ Kf8 29. Bd3 Na7 30. f5 Qb6 31. Rc1 Bd8 32. Qf2 a5 33. bxa5 Qxa5 34. fxe6 Qxa3 35. Nd7+ Kg8 36. Qxf7+ Kh8 37. Qf8+ Qxf8 38. Nxf8 Rxc1+ 39. Bxc1 Kg8 40. Nd7 Nc6 41. Bb2 b4 42. Kg2 Na5 43. Kf2 Nc4 44. Ba1 Bg5 45. Ke2 b3 46. Bc3 Bc1 47. Nc5 b2 48. e7 Kf7 49. Bg6+ Kxe7 50. Na4 Bg4+ 51. Ke1 Bf3 52. Bb4+ Kd8 53. e6 Bd2+ 54. Bxd2 Ke7 55. Bc3 Kxe6 56. Nxb2 Nd6 57. Kf2 Be4 58. Bh5 Nb5 59. Nd1 Bc2 60. Bb2 Kf5 61. Ne3+ Ke4 62. Nxc2 Kd3 63. Nb4+ Kc4 64. Nc2 Kb3 65. Ne3 Kxb2 66. Nxd5 Nxd4 67. Ne3 Kc3 68. Bg4 Nc6 69. Nf5 g6 70. Ne3 Kd4 71. Nc2+ Ke5 72. Ne3 Kf6 73. Bf3 Ne5 74. Ng4+ 1-0

[Event "Mogliano Veneto op-B 32nd"]
[Site "Mogliano Veneto"]
[Date "2011.05.01"]
[Round "5"]
[White "Vastano, Ciro"]
[Black "Tonolo, Maurizio"]
[Result "0-1"]
[WhiteElo "1607"]
[BlackElo "1788"]
[PlyCount "50"]
[EventDate "2011.04.29"]
[EventType "swiss"]
[EventRounds "5"]
[EventCountry "ITA"]
[SourceTitle "EXT 2024"]
[Source "ChessBase"]
[SourceDate "2023.10.10"]
[SourceVersion "1"]
[SourceVersionDate "2023.10.10"]
[SourceQuality "1"]

1. e4 e6 2. d4 d5 3. e5 c5 4. c3 Nc6 5. Nf3 Bd7 6. a3 f6 7. exf6 Nxf6 8. Bd3 Qc7 9. 0-0 Bd6 10. Re1 0-0-0 11. b4 c4 12. Bc2 h6 13. a4 g5 14. a5 g4 15. b5 gxf3 16. bxc6 Bxh2+ 17. Kf1 fxg2+ 18. Kxg2 Rhg8+ 19. Kf1 Qxc6 20. Ba4 Qd6 21. Bxd7+ Rxd7 22. Bxh6 Ne4 23. Qf3 Rh7 24. Be3 Rf8 25. Qg2 Ng3+ 0-1

[Event "Padova Weekend op-B 8th"]
[Site "Padova"]
[Date "2005.12.11"]
[Round "3.36"]
[White "Vastano, Ciro"]
[Black "Scandiuzzi, Roberto"]
[Result "1-0"]
[WhiteElo "1682"]
[BlackElo "1491"]
[PlyCount "41"]
[EventDate "2005.12.10"]
[EventType "swiss"]
[EventRounds "6"]
[EventCountry "ITA"]
[SourceTitle "EXT 2024"]
[Source "ChessBase"]
[SourceDate "2023.10.10"]
[SourceVersion "1"]
[SourceVersionDate "2023.10.10"]
[SourceQuality "1"]

1. d4 e6 2. Nf3 Nf6 3. Bg5 Be7 4. Nbd2 d5 5. e3 a6 6. Bd3 Nbd7 7. 0-0 0-0 8. c3 c5 9. Qe2 c4 10. Bc2 h6 11. Bxf6 Nxf6 12. e4 Re8 13. Ne5 Nh7 14. f4 Bd6 15. Rf3 dxe4 16. Qxe4 f5 17. Qe2 b5 18. Rg3 Bb7 19. Qh5 Nf6 20. Qf7+ Kh8 21. Qxg7# 1-0

[Event "Padua Province-ch"]
[Site "Monselice"]
[Date "2005.01.16"]
[Round "5"]
[White "Vastano, Ciro"]
[Black "Quaranta, Cristiano"]
[Result "0-1"]
[WhiteElo "1652"]
[BlackElo "2072"]
[PlyCount "64"]
[EventDate "2005.01.08"]
[EventType "swiss"]
[EventRounds "6"]
[EventCountry "ITA"]
[SourceTitle "EXT 2024"]
[Source "ChessBase"]
[SourceDate "2023.10.10"]
[SourceVersion "1"]
[SourceVersionDate "2023.10.10"]
[SourceQuality "1"]

1. e4 c5 2. Nf3 Nc6 3. d4 cxd4 4. Nxd4 g6 5. Be3 Bg7 6. Nc3 Nf6 7. f3 0-0 8. Qd2 d5 9. Nxc6 bxc6 10. exd5 cxd5 11. Bd4 Bb7 12. Bb5 Qd6 13. Qe3 Nd7 14. Bxg7 Kxg7 15. Rd1 Nb6 16. 0-0 a6 17. Be2 Rac8 18. a3 e5 19. f4 f6 20. fxe5 fxe5 21. Rxf8 Rxf8 22. Bf3 Nc4 23. Qa7 Rf7 24. Ne4 Qe7 25. Nc5 e4 26. Nxb7 Qxb7 27. Qxb7 Rxb7 28. Be2 Ne3 29. Bxa6 Rxb2 30. Rd2 Nxc2 31. Rxd5 e3 32. Kf1 e2+ 0-1

[Event "Veneto-ch Quarti di Finale 64th"]
[Site "Arqua Petrarca"]
[Date "2004.05.16"]
[Round "5.25"]
[White "Bozzao, Francesco"]
[Black "Vastano, Ciro"]
[Result "0-1"]
[WhiteElo "1646"]
[BlackElo "1700"]
[PlyCount "81"]
[EventDate "2004.05.08"]
[EventType "swiss"]
[EventRounds "6"]
[EventCountry "ITA"]
[SourceTitle "EXT 2023"]
[Source "ChessBase"]
[SourceDate "2022.10.05"]
[SourceVersion "1"]
[SourceVersionDate "2022.10.05"]
[SourceQuality "1"]

1. d4 e6 2. c4 Nf6 3. Nc3 Bb4 4. Qc2 0-0 5. Bg5 Be7 6. e4 Ne8 7. h4 c6 8. Nf3 d5 9. e5 Nd7 10. Bd3 f5 11. g4 dxc4 12. Bxc4 Nb6 13. Bd3 h6 14. Bxe7 Qxe7 15. 0-0-0 fxg4 16. Bh7+ Kh8 17. Ng5 Nc7 18. Nge4 Bd7 19. Rdg1 Rf4 20. Ne2 Rff8 21. Rxg4 Nbd5 22. Rhg1 Rf7 23. N4g3 Raf8 24. Nh5 Ne8 25. f4 Ne3 26. Qe4 Nxg4 27. Rxg4 c5 28. Bg6 Bc6 29. Qe3 cxd4 30. Nxd4 Bd5 31. Kb1 a6 32. Bxf7 Rxf7 33. Ng3 Qc5 34. Nge2 Rc7 35. Nc3 b5 36. Nxd5 Qxd5 37. Rg6 Qh1+ 38. Rg1 Qd5 39. Rg6 Re7 40. Rg1 Nc7 41. Rc1 0-1